000 00749nam a2200253Ia 4500
003 GCL
008 140319s9999 xx 000 0 ara d
040 _aGCL /
_cGCL
082 0 4 _a366.1
_bع م
100 1 _aعلى شلش
245 1 0 _aالماسونية فى مصر /
_cعلى شلش
700 1 _aخلف عبدالعظيم الميرى
700 1 _aيونان لبيب رزق
260 _a[S.N] :
_bالهيئة المصرية العامة للكتاب ،
_c1993
300 _a159 ص
490 _a
650 0 4 _aالعصر الحديث
650 0 4 _aمصر
650 0 4 _aتاريخ
650 0 4 _aاليهود فى مصر
650 0 4 _aالماسونية واليهودية
650 0 4 _aالماسونية
942 _2ddc
_cBK
999 _c29165
_d29165